000 00394nam a2200145Ia 4500
008 230917s9999||||xx |||||||||||||| ||und||
040 _e176863
_aMAIN
041 _aEnglish
082 _a891.433721 AK53K
100 _aअनिल कुमार
245 0 _aकेदार-गौरी
260 _aपटना
_bपारिजात
_c1972
300 _a314 पृ. p.
942 _cHN
999 _c230570
_d230570